[Event "Landesliga Nord 9697"]
[Site "Bayern"]
[Date "1997.??.??"]
[Round "?"]
[White "Halbritter, Josef"]
[Black "Doering, Karl Philipp"]
[Result "1/2-1/2"]
[WhiteElo "2020"]
[BlackElo "2060"]
[PlyCount "100"]
[EventDate "1996.10.??"]
[EventType "team-tourn"]
[EventRounds "9"]
[EventCountry "GER"]
[SourceTitle "EXT 2020"]
[Source "ChessBase"]
[SourceDate "2019.10.17"]
[SourceVersion "1"]
[SourceVersionDate "2019.10.17"]
[SourceQuality "1"]
[WhiteTeam "Kelheim"]
[BlackTeam "Bamberg SC II"]
[WhiteTeamCountry "GER"]
[BlackTeamCountry "GER"]

1. e4 g6 2. d4 Bg7 3. Nc3 d6 4. Be3 e6 5. Qd2 Nd7 6. 0-0-0 a6 7. Kb1 b5 8. g4 Bb7 9. f3 h5 10. gxh5 Rxh5 11. Nce2 Ne7 12. Ng3 Rh8 13. Nh3 d5 14. Nf4 c5 15. dxc5 Qc7 16. exd5 Nxd5 17. Nxd5 Bxd5 18. Ne4 0-0-0 19. Nd6+ Kb8 20. Nxf7 Nxc5 21. Nxd8 Rxd8 22. b3 Rd7 23. Bxc5 Qxc5 24. Bh3 Bc3 25. Qc1 Be5 26. Rd3 Bxf3 27. Qe3 Qxe3 28. Rxe3 Bxh1 29. Rxe5 Rd1+ 30. Kb2 Bd5 31. Bxe6 Bb7 32. Bf7 Rh1 33. Re2 g5 34. Be6 Kc7 35. h3 Bc8 36. Bxc8 Kxc8 37. Re3 Kc7 38. Kc3 Rh2 39. a4 bxa4 40. bxa4 Kb6 41. Kb3 Rg2 42. c3 g4 43. hxg4 Rxg4 44. Re6+ Ka5 45. Rd6 Rg1 46. Kc4 Rg4+ 47. Rd4 Rg8 48. Kb3 Rb8+ 49. Rb4 Rh8 50. Kc4 Rh4+ 1/2-1/2

[Event "Regionalliga NW 9697"]
[Site "Bayern"]
[Date "1997.??.??"]
[Round "?"]
[White "Karcevski, Mario"]
[Black "Doering, Karl Philipp"]
[Result "1-0"]
[WhiteElo "2040"]
[BlackElo "2050"]
[PlyCount "119"]
[EventDate "1996.10.??"]
[EventType "team-tourn"]
[EventRounds "9"]
[EventCountry "GER"]
[SourceTitle "EXT 1999"]
[Source "ChessBase"]
[SourceDate "1998.11.16"]
[SourceVersion "1"]
[SourceVersionDate "1998.11.16"]
[SourceQuality "1"]
[WhiteTeam "Burgsinn"]
[BlackTeam "Bamberg SC III"]
[WhiteTeamCountry "GER"]
[BlackTeamCountry "GER"]

1. d4 g6 2. c3 Bg7 3. Nf3 d6 4. e4 e6 5. Bg5 Ne7 6. Nbd2 h6 7. Bxe7 Qxe7 8. Be2 Nd7 9. Qc2 b6 10. 0-0 Bb7 11. a4 a5 12. Rfe1 0-0 13. Rad1 g5 14. Nc4 g4 15. Nfd2 Qg5 16. Ne3 h5 17. Qb3 Nf6 18. Bd3 h4 19. Nef1 Nh5 20. g3 Kh8 21. Bb1 Rae8 22. Qb5 e5 23. d5 Bc8 24. Ne3 Bh6 25. Qd3 Qf6 26. Nf5 Bxf5 27. exf5 Bxd2 28. Qxd2 Kg7 29. Re4 Rg8 30. Rxg4+ Kh7 31. Qe2 Nf4 32. Qf3 Rxg4 33. Qxg4 Rg8 34. Qf3 hxg3 35. fxg3 Qg5 36. Kh1 Qh5 37. Be4 Rxg3 38. Qxh5+ Nxh5 39. hxg3 Nxg3+ 40. Kg2 Nxe4 41. Kf3 Nc5 42. Rg1 Nd7 43. b4 Nf6 44. bxa5 bxa5 45. c4 Nd7 46. Ke3 f6 47. Rg6 Nb6 48. Kd3 Nxa4 49. Rxf6 Nc5+ 50. Kc2 Kg7 51. Rg6+ Kf7 52. Rh6 e4 53. Kd2 a4 54. Ke3 a3 55. Rh2 Nd3 56. Kxe4 Nb2 57. Kd4 Kf6 58. Rh1 Kxf5 59. Ra1 Na4 60. Rxa3 1-0

[Event "Landesliga Nord 9697"]
[Site "Bayern"]
[Date "1996.??.??"]
[Round "?"]
[White "Doering, Karl Philipp"]
[Black "Feist, Rainer"]
[Result "1-0"]
[WhiteElo "2060"]
[BlackElo "1975"]
[PlyCount "99"]
[EventDate "1996.10.??"]
[EventType "team-tourn"]
[EventRounds "9"]
[EventCountry "GER"]
[SourceTitle "EXT 2020"]
[Source "ChessBase"]
[SourceDate "2019.10.17"]
[SourceVersion "1"]
[SourceVersionDate "2019.10.17"]
[SourceQuality "1"]
[WhiteTeam "Bamberg SC II"]
[BlackTeam "Erlangen TB"]
[WhiteTeamCountry "GER"]
[BlackTeamCountry "GER"]

1. e4 c6 2. d4 d5 3. e5 Bf5 4. Nc3 e6 5. g4 Bg6 6. Nge2 c5 7. h4 f6 8. Nf4 Bf7 9. exf6 gxf6 10. Qe2 cxd4 11. Nxe6 Bxe6 12. Qxe6+ Qe7 13. Qxe7+ Bxe7 14. Nxd5 Bd6 15. Bf4 Bxf4 16. Nxf4 Nc6 17. 0-0-0 Nh6 18. Bb5 0-0-0 19. f3 Rhe8 20. Bxc6 bxc6 21. Rhe1 Re5 22. Nd3 Red5 23. Re7 R8d7 24. Rde1 Nf7 25. R1e6 Rxe7 26. Rxe7 Rd7 27. Re6 Rd6 28. Nc5 Rxe6 29. Nxe6 d3 30. f4 dxc2 31. Kxc2 h6 32. Kd3 Kd7 33. Nc5+ Kd6 34. Kd4 Nd8 35. g5 fxg5 36. fxg5 hxg5 37. Ne4+ Ke6 38. Nxg5+ Kf5 39. Kc5 Kg4 40. Kd6 Kxh4 41. Kc7 Kxg5 42. Kxd8 Kf4 43. Kc7 Ke4 44. Kxc6 Kd3 45. Kc5 Kc2 46. b4 Kb2 47. a4 Kb3 48. a5 Ka4 49. Kc4 a6 50. Kc5 1-0

[Event "Landesliga Nord 9596"]
[Site "Bayern"]
[Date "1996.??.??"]
[Round "?"]
[White "Doering, Karl Philipp"]
[Black "Tiller, Jaroslav"]
[Result "0-1"]
[WhiteElo "2015"]
[BlackElo "2120"]
[PlyCount "48"]
[EventDate "1995.10.??"]
[EventType "team-tourn"]
[EventRounds "9"]
[EventCountry "GER"]
[SourceTitle "EXT 2020"]
[Source "ChessBase"]
[SourceDate "2019.10.17"]
[SourceVersion "1"]
[SourceVersionDate "2019.10.17"]
[SourceQuality "1"]
[WhiteTeam "Bamberg SC II"]
[BlackTeam "Bindlach"]
[WhiteTeamCountry "GER"]
[BlackTeamCountry "GER"]

1. e4 c5 2. b4 cxb4 3. d4 d5 4. e5 Bf5 5. a3 e6 6. axb4 Bxb4+ 7. c3 Be7 8. Qb3 Qd7 9. Bb5 Nc6 10. Ne2 Nh6 11. Bxh6 gxh6 12. Ng3 Bg6 13. h4 h5 14. Nd2 0-0 15. Qd1 f6 16. Nf3 Qc7 17. Qe2 Nxd4 18. Nxd4 Qxc3+ 19. Qd2 Qxd2+ 20. Kxd2 fxe5 21. Nxe6 Rxf2+ 22. Ne2 d4 23. Nc7 Bb4+ 24. Kd1 Raf8 0-1